Historia de la América Central, desde el descubrimiento del país por los españoles (1502) hasta su independencia de la España (1821) (Record no. 159666)

MARC details
000 -LEADER
campo de control de longitud fija 00946nam a2200193 i 4500
001 - NÚMERO DE CONTROL
campo de control 159666
003 - IDENTIFICADOR DE NÚMERO DE CONTROL
campo de control ES-MaACL
005 - FECHA Y HORA DE LA ÚLTIMA TRANSACCIÓN
campo de control 20230906211723.0
008 - DATOS DE LONGITUD FIJA--INFORMACIÓN GENERAL
campo de control de longitud fija 991125m18791882gt |||| | spa d
100 1# - ENTRADA PRINCIPAL--NOMBRE DE PERSONA
Nombre de persona Milla, José.
9 (RLIN) 129923
245 10 - MENCIÓN DEL TÍTULO
Título Historia de la América Central, desde el descubrimiento del país por los españoles (1502) hasta su independencia de la España (1821)
Resto del título : precedida de una "Noticia histórica" relativa a las naciones que habitaban la América Central a la llegada de los españoles /
Mención de responsabilidad, etc. José Milla.
260 ## - PUBLICACIÓN, DISTRIBUCIÓN, ETC.
Lugar de publicación, distribución, etc. Guatemala :
Nombre del editor, distribuidor, etc. [s.n.],
Fecha de publicación, distribución, etc. 1879-1882 (
Fabricante Tipografía Nacional)
300 ## - DESCRIPCIÓN FÍSICA
Extensión 2 v. (LXXV, 342, 13 ; IV, 389, 22 p.) ;
Dimensiones 25 cm.
530 ## - NOTA DISPONIBLE DE FORMULARIO FÍSICO ADICIONAL
Nota de formato físico adicional disponible Disponible en formato digital.
651 #4 - PUNTO DE ACCESO ADICIONAL DE MATERIA--NOMBRE GEOGRÁFICO
Nombre geográfico América central-
Subdivisión general Historia-
Subdivisión cronológica Hasta 1821.
9 (RLIN) 157871
752 ## - ENTRADA AGREGADA--NOMBRE JERÁRQUICO DEL LUGAR
País o entidad superior Guatemala -
Ciudad Guatemala
852 ## - LOCALIZACIÓN
Ubicación ES-MaACL
Número de control de estantería F-730-31
856 ## - LOCALIZACIÓN Y ACCESO ELECTRÓNICOS
Identificador Uniforme de Recursos <a href="http://bdh-rd.bne.es/viewer.vm?id=0000044162&page=1 ">http://bdh-rd.bne.es/viewer.vm?id=0000044162&page=1 </a>
Nota pública Biblioteca Digital Hispánica
Holdings
Estatus retirado Estado de pérdida Estado de daño No para préstamo Colección Biblioteca de origen Biblioteca actual Ubicación en estantería Fecha de adquisición Total de préstamos Signatura topográfica completa Código de barras Visto por última vez Precio de reemplazo Tipo de ítem Koha
        Colección digital Biblioteca del Ateneo de Madrid Biblioteca del Ateneo de Madrid Depósito 2 17/01/2008   F-730-31 1167153 23/02/2023 23/02/2023 Libro impreso antiguo